The black American: a brief Doumentary History / (Record no. 31141)
[ view plain ]
| 000 -LEADER | |
|---|---|
| fixed length control field | 00491nam a22001577a 4500 |
| 008 - FIXED-LENGTH DATA ELEMENTS--GENERAL INFORMATION | |
| fixed length control field | 220223b |||||||| |||| 00| 0 eng d |
| 020 ## - INTERNATIONAL STANDARD BOOK NUMBER | |
| International Standard Book Number | 78106450 |
| 050 ## - LIBRARY OF CONGRESS CALL NUMBER | |
| Classification number | E 185 .F57 1970 |
| 100 ## - MAIN ENTRY--PERSONAL NAME | |
| Personal name | Fishel, Leslie H |
| 245 ## - TITLE STATEMENT | |
| Title | The black American: a brief Doumentary History / |
| 260 ## - PUBLICATION, DISTRIBUTION, ETC. (IMPRINT) | |
| Place of publication, distribution, etc. | US: |
| Name of publisher, distributor, etc. | Foresman, |
| Date of publication, distribution, etc. | 1970. |
| 300 ## - PHYSICAL DESCRIPTION | |
| Extent | iii,419p. : |
| Other physical details | ill. ; |
| Dimensions | 28cm |
| 500 ## - GENERAL NOTE | |
| General note | includes bibliographical references. |
| 650 ## - SUBJECT ADDED ENTRY--TOPICAL TERM | |
| Source of heading or term | Africa American. |
| 942 ## - ADDED ENTRY ELEMENTS (KOHA) | |
| Source of classification or shelving scheme | |
| Koha item type | Hard Covered Materials |
| Classification part | E 185 .F57 1970 |
| Withdrawn status | Lost status | Source of classification or shelving scheme | Damaged status | Not for loan | Home library | Current library | Shelving location | Date acquired | Source of acquisition | Total Checkouts | Full call number | Barcode | Checked out | Date last seen | Date last checked out | Price effective from | Koha item type |
|---|---|---|---|---|---|---|---|---|---|---|---|---|---|---|---|---|---|
| MACHAKOS UNIVERSITY LIBRARY | MACHAKOS UNIVERSITY LIBRARY | Open shelf | 23/02/2022 | Damaris Mwanza | 1 | E 185 .F57 1970 | 23751 | 09/05/2026 | 24/04/2026 | 24/04/2026 | 23/02/2022 | Hard Covered Materials |